02630nam a2200265Ia 4500001001000000003000500010005001700015007000300032008004100035010001100076020001800087040001800105050002100123082002700144100002900171240004500200245007600245250001700321264003000338300008100368504002800449520183500477650002002312700003202332Para_2080CHAP20250806141522.0ta220125s1985 mx ado fr 001 0 spa d a200713 a968-18-1466-5 cCHAPamxchpua10aSB731b.A37 198500aPA 632 bA37y 19852201 aAgrios, George N.eautor10aPlant pathology /lEspañols2a edition10aFitopatología /cGeorge N. Agrios ; traductor Manuel Guzmán Ortíz a1a edición aMéxico :bLimusa,c1985 a756 páginas :bilustraciones, gráficas, diagramas, tablas, fotografías aIncluye bibliografías2 aA través de la historia, uno de los azotes que ha sufrido la humanidad es la pérdida de productos agrícolas debida a enfermedades de las plantas causadas por diferentes patógenos y factores ambientales. Gracias a la formación de científicos y técnicos especializados en Fitopatología y disciplinas afines, la humanidad está logrando enfrentar ese problema. El presente libro proporciona información básica y esencial acerca del origen de las enfermedades de las plantas, su diagnóstico y las alternativas más recientes con que se cuenta para combatirlas. Esta segunda edición, que ha sido acusiosamente revisada, presenta información nueva muy importante, como Epifitiología y la aplicación de la biotecnología a la Fitopatología. Contenidos: Primera parte: Aspectos generales.- Introducción a la fitopatología.- Parasitismo y desarrollo de las enfermedades.- Cómo atacan los patógenos a las plantas.- Efectos de los patógenos sobre la fisiología de las plantas.- Cómo se defienden las plantas de los patógenos.- Genética de las enfermedades de las plantas.- Efecto del ambiente en la producción de las enfermedades infecciosas.- Epifitología.- Control de las enfermedades de las plantas.- Segunda parte: Enfermedades específicas de las plantas.- Factores ambientales que causan enfermedades en las plantas.- Enfermedades de las plantas causadas por hongos.- Enfermedades de las plantas causadas por procariontes.- Enfermedades de las plantas ocasionadas por plantas superiores parásitas.- Enfermedades de las plantas causadas por virus.- Enfermedades de las plantas causadas por nematodos.- Enfermedades de las plantas causadas por protozoarios flagelados.- Tercera parte: Biotecnología y fitopatología.- Aplicaciones de la biotecnología a la fitopatología.13aFitopatología aGuzmán Ortiz, Manueletr.